The Anglican tradition in the life of England / (Record no. 6240)

MARC details
000 -LEADER
fixed length control field 00764cam a22002411 4500
001 - CONTROL NUMBER
control field 8347907
003 - CONTROL NUMBER IDENTIFIER
control field GBCCL
005 - DATE AND TIME OF LATEST TRANSACTION
control field 20241126110559.0
008 - FIXED-LENGTH DATA ELEMENTS--GENERAL INFORMATION
fixed length control field 741002s1947 enk 000 0 eng
035 ## - SYSTEM CONTROL NUMBER
System control number (OCoLC)1028164
040 ## - CATALOGING SOURCE
Original cataloging agency DLC
Transcribing agency MSohG
Modifying agency OCoLC
-- DLC
042 ## -
-- premarc
050 00 -
-- BX5056
-- .W5
082 ## - DEWEY DECIMAL CLASSIFICATION NUMBER
Classification number 270.8
Item number WIL
100 1# - MAIN ENTRY--PERSONAL NAME
Personal name Williams, A. T. P.
Fuller form of name (Alwyn Terrell Petre),
Dates associated with a name 1888-1968.
9 (RLIN) 11193
245 14 - TITLE STATEMENT
Title The Anglican tradition in the life of England /
Statement of responsibility, etc. ATP Williams
260 ## - PUBLICATION, DISTRIBUTION, ETC.
Place of publication, distribution, etc. London:
Name of publisher, distributor, etc. SCM Press,
Date of publication, distribution, etc. 1947
300 ## - PHYSICAL DESCRIPTION
Extent 128 p.
Dimensions 19 cm.
504 ## - BIBLIOGRAPHY, ETC. NOTE
Bibliography, etc. note "A short list of books" (p.[125]-126)
651 #0 - SUBJECT ADDED ENTRY--GEOGRAPHIC NAME
Geographic name Great Britain
General subdivision Church history
Chronological subdivision Modern period, 1485-
9 (RLIN) 11194
906 ## - LOCAL DATA ELEMENT F, LDF (RLIN)
a 7
b cbc
c oclcrpl
d u
e ncip
f 19
g y-gencatlg
942 ## - ADDED ENTRY ELEMENTS (KOHA)
Source of classification or shelving scheme Dewey Decimal Classification
Koha item type Books
Koha issues (borrowed), all copies 2
Holdings
Withdrawn status Lost status Source of classification or shelving scheme Damaged status Not for loan Home library Current Library Shelving location Date acquired Total checkouts Full call number Barcode Date last seen Date last checked out Copy number Price effective from Koha item type
    Dewey Decimal Classification     GRACE BIBLE COLLEGE GRACE BIBLE COLLEGE Church History 2018-05-04 2 270.8 WIL 003846 2025-05-01 2023-10-10 c.1 2018-05-04 Books
© Grace Bible College Library 2025